Library Logo

Pioneer International University Library Catalogue

Migogoro (Record no. 9435)

MARC details
000 -LEADER
fixed length control field 00329nam a22001337a 4500
005 - DATE AND TIME OF LATEST TRANSACTION
control field 20250901165813.0
008 - FIXED-LENGTH DATA ELEMENTS--GENERAL INFORMATION
fixed length control field 250327b |||||||| |||| 00| 0 eng d
020 ## - INTERNATIONAL STANDARD BOOK NUMBER
International Standard Book Number 9789966225226
050 ## - LIBRARY OF CONGRESS CALL NUMBER
Classification number PL 8704 .M33 2006
245 ## - TITLE STATEMENT
Title Migogoro
Statement of responsibility, etc. Mwenda Mbatiah
260 ## - PUBLICATION, DISTRIBUTION, ETC.
Place of publication, distribution, etc. Nairobi;
Name of publisher, distributor, etc. JKF
Date of publication, distribution, etc. 2006.
300 ## - PHYSICAL DESCRIPTION
Extent 128 p.:
Dimensions 18 cm.
942 ## - ADDED ENTRY ELEMENTS (KOHA)
Source of classification or shelving scheme Library of Congress Classification
Holdings
Withdrawn status Lost status Source of classification or shelving scheme Damaged status Not for loan Collection Home library Current library Shelving location Date acquired Source of acquisition Total checkouts Full call number Barcode Date last seen Copy number Price effective from Koha item type
    Library of Congress Classification       Main Library Main Library   03/28/2025 Donation from KICD   PL 8704 .M33 2006 PIUD0000448 03/28/2025 1 03/28/2025 Books
    Library of Congress Classification       Main Library Main Library   03/28/2025 Donation from KICD   PL 8704 .M33 2006 PIUD0000449 03/28/2025 2 03/28/2025 Books